تحميل...

Bhale dinon ki baat thi/

التفاصيل البيبلوغرافية
المؤلف الرئيسي: Vimal Chandra Pandey
التنسيق: Printed Book
منشور في: Hariyana : Aadhar Prakashan , c2014.
الموضوعات:
LEADER 00556nam a22001697a 4500
008 140827b ii||||| |||| 00| 0 hin d
020 |a 9788176754323  |c INR300 
082 |a S-32 
100 |a Vimal Chandra Pandey 
245 |a Bhale dinon ki baat thi/  |c Vimal Chandra Pandey 
260 |9 2156  |a Hariyana :  |b Aadhar Prakashan ,  |c c2014. 
546 |a IN Hindi. 
650 0 |a Hindi-Novel 
653 |a upanyas 
942 |c BK 
999 |c 247164  |d 247164 
952 |0 0  |1 0  |4 0  |6 S_32  |7 0  |9 274464  |a HIN  |b HIN  |c S-32  |d 2016-02-26  |g 300.00  |i 24269  |l 0  |o S-32  |p HIN24269  |r 2016-02-26  |w 2016-02-26  |y BK